000 00802nam a2200229 a 4500
001 000008545
005 20200929161348.0
008 090917s198u dr a r 000 f spa d
040 _aDO-SdBNP
_bspa
_cBNPHU
082 _a813.54
_bB618b
100 1 _aBird, Zenobia
_922904
245 1 0 _aBajo sus alas /
_cZenobia Bird ; traducido Eva M. Russell ; ilustraciones Joanna de Kent ; cooperación Guido Feliz, Raul Burgos.
260 _aSanto Domingo :
_bGutenberg,
_c198?.
300 _a205 p. :
_bil. ;
_c22 cm.
590 _aInventariado, 2019/BT
650 4 _aNovela estadounidense
_9262
650 4 _aLiteratura estadounidense
_9263
700 1 _aRussel, Eva M.,
_etr.
_922905
700 1 _aKent, Joanna de,
_eil.
_922906
700 1 _aFeliz, Guido,
_ecoop.
_922907
700 1 _aBurgos, Raul,
_ecoop.
_922908
999 _c8315
_d8315